=LDR 00000nam 2200000 4500 =001 000384 =005 20250711023102 =035 ##$$a 0010-0725000245 =007 ta =008 250711################a##########0#ind## =020 ##$$a 978-623-472-189-8 =082 ##$$a 398.209 598 =100 #$$a Sharma, Chanchal =245 1#$$a Fani si Burung Merpati /$c Chanchal Sharma =250 ##$$a pertama =260 ##$$a Jakarta :$b Badan Pengembangan dan Pembinaan Bahasa,$c 2022 =300 ##$$a 16hlm. : $b ilus. ; $c 22,9cm =650 #4$$a cerita anak indonesia terjemahan =650 #4$$a literasi bahan bacaan =700 #$$a Partho Sengupta =856 ##$$a TBM ASYUHADA =084 ##$$a 398.209 598 SHA f =990 ##$$a TBM202400106 =990 ##$$a TBM202400192